UBT Library

America firsthand / (Record no. 42332)

000 -LEADER
fixed length control field 00914cam a2200277 a 4500
001 - CONTROL NUMBER
control field 15378620
005 - DATE AND TIME OF LATEST TRANSACTION
control field 20180213033044.0
008 - FIXED-LENGTH DATA ELEMENTS--GENERAL INFORMATION
fixed length control field 080723s2010 maua b 000 0 eng
010 ## - LIBRARY OF CONGRESS CONTROL NUMBER
LC control number 2008933819
020 ## - INTERNATIONAL STANDARD BOOK NUMBER
International Standard Book Number 9780312489069 (v. 1 pbk.)
020 ## - INTERNATIONAL STANDARD BOOK NUMBER
International Standard Book Number 0312489064 (v. 1 pbk.)
020 ## - INTERNATIONAL STANDARD BOOK NUMBER
International Standard Book Number 9780312489076 (v. 2 pbk.)
020 ## - INTERNATIONAL STANDARD BOOK NUMBER
International Standard Book Number 0312489072 (v. 2 pbk.)
040 ## - CATALOGING SOURCE
Original cataloging agency DLC
Transcribing agency DLC
Modifying agency DLC
041 ## - LANGUAGE CODE
Language code of text/sound track or separate title eng
043 ## - GEOGRAPHIC AREA CODE
Geographic area code n-us---
080 ## - UNIVERSAL DECIMAL CLASSIFICATION NUMBER
Universal Decimal Classification number 973
082 00 - DEWEY DECIMAL CLASSIFICATION NUMBER
Classification number 973 MAR
Edition number 22
100 ## - Rafti
Rafti 16
101 ## - Shkurtesa
Shkurtesa HIS
245 00 - TITLE STATEMENT
Title America firsthand /
Statement of responsibility, etc [compiled by] Robert D. Marcus, David Burner, Anthony Marcus.
504 ## - BIBLIOGRAPHY, ETC. NOTE
Bibliography, etc Includes bibliographical references.
906 ## - LOCAL DATA ELEMENT F, LDF (RLIN)
a 7
b cbc
c orignew
d 2
e epcn
f 20
g y-gencatlg
942 ## - ADDED ENTRY ELEMENTS (KOHA)
Source of classification or shelving scheme
Item type Books
Holdings
Withdrawn status Lost status Source of classification or shelving scheme Damaged status Not for loan Collection code Permanent location Current location Shelving location Date acquired Total Checkouts Full call number Barcode Date last seen Price effective from Koha item type
          Koleksioni i përgjithshem UBT - Lipjan UBT - Lipjan Koleksioni i përgjithshem 02/13/2018   973 MAR 002-2998168 02/13/2018 02/13/2018 Books
          Koleksioni i përgjithshem UBT - Lipjan UBT - Lipjan General Stacks 02/13/2018   973 MAR 002-2998172 02/13/2018 02/13/2018 Books
UBT Library © 2015-2024. All rights reserved University Education for Business and Technology